00229nam a2200097Ia 4500008004100000041000800041082001200049100001500061245002700076260002800103231212s1984 xx 000 0 und d aeng a660.283 aDhake A.M. aTelevision Engineering aNew DelhibButterc1984